000 00523nam a2200145 4500
999 _c15932
_d15932
008 210119b ||||| |||| 00| 0 eng d
022 _a0732-8435
082 _aDPer 657.05 C33 Sept - Mar 2015, v. 85 - 86
100 _aAfterman, Allan B.
_942708
245 _aEuropean audit reform:
_bhow it could affect U.S. comapnies/
_cAllan B. Afterman.
260 _aNew York:
_bThe New York State Society of CPA,
_c©2015.
300 _av86 n2, pages 54-55:
_billustrations;
_c28 cm.
650 _aAuditing.
_942753
942 _2ddc
_cPER